[Event "23. Copenhagen Open  (Politiken Cup)"]
[Site "Copenhagen"]
[Date "2001.07.20"]
[Round "5"]
[White "Elka, Parviz"]
[Black "Paaske, Asger"]
[Result "0-1"]
[WhiteElo "1329"]
[BlackElo "2062"]
[PlyCount "134"]
[EventDate "2001.07.16"]
[EventType "swiss"]
[EventRounds "11"]
[EventCountry "DEN"]
[SourceDate "2004.01.01"]

1. d4 Nf6 2. c4 g6 3. Nc3 d5 4. e3 Bg7 5. Nf3 O-O 6. Bd3 c5 7. dxc5 Qa5 8. O-O
dxc4 9. Bxc4 Qxc5 10. Bd3 Nc6 11. a3 Rd8 12. Qc2 Bg4 13. Nd2 Ne5 14. Bb5 Rac8
15. Qb1 a6 16. Be2 Bxe2 17. Nxe2 Neg4 18. Nf3 Qc4 19. Nc3 Nd5 20. Nxd5 Rxd5 21.
b3 Qc7 22. Bb2 Rf5 23. h3 Rxf3 24. hxg4 Bxb2 25. Qxb2 Rf6 26. Qd4 Rd6 27. Qf4
Rd3 28. Qxc7 Rxc7 29. Rfb1 Rcc3 30. e4 Rxb3 31. Rxb3 Rxb3 32. f3 Kf8 33. Ra2
Ke8 34. Kf2 Kd7 35. Ke2 Ke6 36. a4 b6 37. Kd2 Ke5 38. Kc2 Rb4 39. Kc3 a5 40. g3
Kf6 41. Ra1 Kg5 42. Ra2 h5 43. gxh5 gxh5 44. Ra1 f6 45. Ra3 h4 46. gxh4+ Kxh4
47. Kc2 Kg3 48. Kc1 Kf4 49. Kc2 Ke5 50. Kc3 Kd6 51. Kc2 Kc5 52. Kc3 Rc4+ 53.
Kb3 Kd4 54. Kb2 e5 55. Ra1 Rc3 56. Rf1 Rd3 57. Ka2 Rd2+ 58. Kb3 Ke3 59. Kc4
Rd4+ 60. Kb5 Rb4+ 61. Kc6 Ke2 62. Rg1 Kxf3 63. Rg6 Kxe4 64. Rxf6 Kd3 65. Rd6+
Kc3 66. Rd5 e4 67. Re5 Kb3 0-1

[Event "23. Copenhagen Open  (Politiken Cup)"]
[Site "Copenhagen"]
[Date "2001.07.20"]
[Round "5"]
[White "Grahn, Lars"]
[Black "Nielsen, Dagh"]
[Result "1/2-1/2"]
[WhiteElo "2100"]
[BlackElo "1982"]
[PlyCount "133"]
[EventDate "2001.07.16"]
[EventType "swiss"]
[EventRounds "11"]
[EventCountry "DEN"]
[SourceDate "2004.01.01"]

1. d4 Nf6 2. c4 e5 3. dxe5 Ng4 4. e3 Nxe5 5. Nh3 d6 6. Nf4 Nbc6 7. Be2 Ne7 8.
Nc3 b6 9. O-O Bb7 10. Nfd5 Nxd5 11. cxd5 a6 12. e4 g6 13. f4 Nd7 14. Be3 Bg7
15. Bd4 Bxd4+ 16. Qxd4 Qf6 17. Qd2 O-O 18. b4 Qg7 19. f5 g5 20. Rac1 Rfe8 21.
h3 Re7 22. Bf3 Qf6 23. Ne2 Ne5 24. Ng3 Qh6 25. Bd1 f6 26. Rc3 Ra7 27. Bh5 Bc8
28. Rfc1 Qg7 29. Be2 Kh8 30. Qd4 Kg8 31. a4 a5 32. b5 Qf8 33. Nh5 Qh6 34. R1c2
Kf8 35. Ng3 Qh4 36. Qf2 Ke8 37. Bh5+ Kd8 38. Rc1 Nd7 39. Bf3 Nc5 40. Ra1 Bd7
41. Re3 Ra8 42. Ne2 Qxf2+ 43. Kxf2 Ke8 44. Nc3 Kf8 45. h4 h6 46. Rh1 Kg7 47.
Bd1 Rae8 48. hxg5 fxg5 49. f6+ Kxf6 50. Rxh6+ Kg7 51. Rh5 Kg6 52. Rh1 Rh7 53.
Rxh7 Kxh7 54. Bc2 Kg7 55. Re1 Bg4 56. Kg3 Bh5 57. Kf2 Bg6 58. Ke3 Re7 59. Kd4
Nd7 60. Bd1 Ne5 61. Be2 Rf7 62. Ke3 Re7 63. Rc1 Kf6 64. Bd3 Kg7 65. Be2 Kf8 66.
Rh1 Kg7 67. Rc1 1/2-1/2

[Event "23. Copenhagen Open  (Politiken Cup)"]
[Site "Copenhagen"]
[Date "2001.07.20"]
[Round "5"]
[White "Hagen, Andreas Skytte"]
[Black "Rasmussen, Casper Dahl"]
[Result "1/2-1/2"]
[WhiteElo "2113"]
[BlackElo "2281"]
[PlyCount "46"]
[EventDate "2001.07.16"]
[EventType "swiss"]
[EventRounds "11"]
[EventCountry "DEN"]
[SourceDate "2004.01.01"]

1. c4 c5 2. g3 g6 3. Bg2 Bg7 4. Nc3 Nc6 5. a3 b6 6. b4 Bb7 7. Bb2 d6 8. d3 Qd7
9. b5 Na5 10. Bxb7 Nxb7 11. e4 e6 12. f4 Ne7 13. Nf3 d5 14. Qe2 O-O-O 15. O-O-O
h6 16. Kc2 Rhg8 17. Rhe1 Rde8 18. Nb1 d4 19. Nbd2 f6 20. Nb3 h5 21. a4 a5 22.
bxa6 Na5 23. Ra1 Nec6 1/2-1/2

[Event "23. Copenhagen Open  (Politiken Cup)"]
[Site "Copenhagen"]
[Date "2001.07.20"]
[Round "5"]
[White "Hansen, Herluf"]
[Black "Pedersen, Steffen"]
[Result "0-1"]
[WhiteElo "2044"]
[BlackElo "2453"]
[PlyCount "48"]
[EventDate "2001.07.16"]
[EventType "swiss"]
[EventRounds "11"]
[EventCountry "DEN"]
[SourceDate "2004.01.01"]

1. d4 Nf6 2. c4 c5 3. d5 b5 4. cxb5 a6 5. b6 e6 6. Nc3 Nxd5 7. Nxd5 exd5 8.
Qxd5 Nc6 9. Nf3 Rb8 10. e4 Be7 11. Ne5 Nxe5 12. Qxe5 Qxb6 13. Qxg7 Bf6 14. Qh6
Qb4+ 15. Bd2 Qxe4+ 16. Be2 Qxg2 17. Qe3+ Kf8 18. Bf3 Qg6 19. Qxc5+ Kg7 20. Bc3
Re8+ 21. Kd2 d6 22. Qc7 Qg5+ 23. Kd1 Bg4 24. Qc6 Rbc8 0-1

[Event "23. Copenhagen Open  (Politiken Cup)"]
[Site "Copenhagen"]
[Date "2001.07.20"]
[Round "5"]
[White "Helin, Mikael"]
[Black "Brondum, Eric"]
[Result "0-1"]
[WhiteElo "1984"]
[BlackElo "2224"]
[PlyCount "94"]
[EventDate "2001.07.16"]
[EventType "swiss"]
[EventRounds "11"]
[EventCountry "DEN"]
[SourceDate "2004.01.01"]

1. e4 c5 2. c4 Nc6 3. Nc3 g6 4. g3 Bg7 5. Bg2 Nf6 6. h3 O-O 7. Nge2 d6 8. O-O
a6 9. d3 Rb8 10. f4 Ne8 11. g4 b5 12. f5 Ne5 13. g5 bxc4 14. dxc4 Nxc4 15. Nd5
Bb7 16. Nec3 Bd4+ 17. Kh1 Nb6 18. Ne3 Nd7 19. Ng4 Bg7 20. Qe1 Ne5 21. Qh4 Nxg4
22. hxg4 f6 23. Rf3 Kf7 24. Bh3 Rh8 25. gxf6 exf6 26. g5 Kg8 27. Nd5 Bxd5 28.
exd5 fxg5 29. Bxg5 Bf6 30. fxg6 hxg6 31. Qg4 Rxh3+ 32. Qxh3 Bxg5 33. Qe6+ Kh7
34. Qf7+ Ng7 35. Rg1 Kh6 36. Rfg3 Rb4 37. R1g2 Rf4 38. Qb7 Rf1+ 39. Rg1 Rxg1+
40. Kxg1 Bf4 41. Rg4 Qf6 42. Rxf4 Qxf4 43. Qb8 Qe3+ 44. Kf1 Nf5 45. Qh8+ Kg5
46. Qd8+ Kg4 47. Qg8 Kf3 0-1

[Event "23. Copenhagen Open  (Politiken Cup)"]
[Site "Copenhagen"]
[Date "2001.07.20"]
[Round "5"]
[White "Helledie, Anders"]
[Black "Westlund, Mikael"]
[Result "1-0"]
[WhiteElo "2221"]
[BlackElo "1996"]
[PlyCount "109"]
[EventDate "2001.07.16"]
[EventType "swiss"]
[EventRounds "11"]
[EventCountry "DEN"]
[SourceDate "2004.01.01"]

1. e4 e5 2. Nf3 Nc6 3. c3 d6 4. d4 Be7 5. Bb5 Bd7 6. d5 Nb8 7. Bxd7+ Nxd7 8. c4
Ngf6 9. Nc3 O-O 10. O-O Ne8 11. Qc2 g6 12. Bh6 Ng7 13. g4 Nf6 14. h3 Qd7 15.
Kh1 Rfe8 16. Ng1 c6 17. Rfc1 Rac8 18. Qd3 cxd5 19. cxd5 Kh8 20. Be3 b6 21. a4
Qb7 22. b4 a6 23. Rc2 Rc7 24. Rac1 Rec8 25. f3 Nd7 26. Nb1 Nb8 27. Na3 Ne8 28.
b5 Rxc2 29. Rxc2 Rxc2 30. Qxc2 a5 31. Nc4 Nd7 32. Ne2 Qc7 33. Na3 Qxc2 34. Nxc2
Nc5 35. Nc3 Kg7 36. Kg2 Nf6 37. Bxc5 dxc5 38. Na3 Kf8 39. Nc4 Nd7 40. d6 Bd8
41. Nd5 h6 42. Kf2 Ke8 43. Nc7+ Kf8 44. Ke3 g5 45. Kd3 Kg7 46. Nb2 h5 47. Kc4
hxg4 48. hxg4 Nf6 49. Nd3 Nd7 50. Kd5 Bf6 51. Kc6 c4 52. Kxd7 cxd3 53. Nd5 d2
54. Ne3 Kf8 55. Kc7 1-0

[Event "23. Copenhagen Open  (Politiken Cup)"]
[Site "Copenhagen"]
[Date "2001.07.20"]
[Round "5"]
[White "Hoi, Carsten"]
[Black "Rendboe, John Filip"]
[Result "1-0"]
[WhiteElo "2407"]
[BlackElo "2243"]
[PlyCount "91"]
[EventDate "2001.07.16"]
[EventType "swiss"]
[EventRounds "11"]
[EventCountry "DEN"]
[SourceDate "2004.01.01"]

1. d4 d5 2. Nf3 Nf6 3. c4 e6 4. Nc3 c5 5. cxd5 cxd4 6. Qxd4 exd5 7. e4 Nc6 8.
Bb5 dxe4 9. Qxd8+ Kxd8 10. Ng5 Be6 11. Nxe6+ fxe6 12. Bxc6 bxc6 13. Bg5 Be7 14.
O-O-O+ Kc7 15. Rhe1 Bb4 16. Bxf6 gxf6 17. Rxe4 Bxc3 18. bxc3 e5 19. f4 Rae8 20.
Ra4 exf4 21. Rxf4 Re2 22. Rd2 Rxd2 23. Kxd2 Rd8+ 24. Kc2 Rf8 25. Kd3 Rb8 26.
Kc2 Rf8 27. Rh4 Rf7 28. Kd3 Kb6 29. Rf4 f5 30. Kc4 Rg7 31. g3 Rg4 32. Kd4 Kb5
33. Ke5 Rg5 34. Kf6 Rg6+ 35. Kxf5 Rd6 36. Rb4+ Kc5 37. Ra4 Rd2 38. h4 Rd3 39.
g4 Kb6 40. Rb4+ Kc7 41. Rc4 a5 42. g5 Kb6 43. a4 c5 44. Kf6 Kc6 45. Kg7 Rd7+
46. Kg8 1-0

[Event "23. Copenhagen Open  (Politiken Cup)"]
[Site "Copenhagen"]
[Date "2001.07.20"]
[Round "5"]
[White "Hoeg, Claus"]
[Black "Nielsen, Borge Hjerrild"]
[Result "1/2-1/2"]
[WhiteElo "1785"]
[BlackElo "2122"]
[PlyCount "55"]
[EventDate "2001.07.16"]
[EventType "swiss"]
[EventRounds "11"]
[EventCountry "DEN"]
[SourceDate "2004.01.01"]

1. d4 d5 2. c4 e6 3. Nc3 Be7 4. Nf3 Nf6 5. Bg5 O-O 6. e3 Nbd7 7. cxd5 exd5 8.
Qc2 c6 9. Bd3 Re8 10. Rb1 b6 11. b4 Bb7 12. O-O g6 13. Rfc1 Nh5 14. Bxe7 Qxe7
15. Qb3 Qd6 16. a4 Ng7 17. e4 dxe4 18. Nxe4 Qf4 19. Nfg5 Ne6 20. g3 Qb8 21.
Nxe6 Rxe6 22. Ng5 Rf6 23. Re1 Qf8 24. Ne4 Re6 25. Ng5 Rf6 26. Ne4 Re6 27. Ng5
Rf6 28. Ne4 1/2-1/2

[Event "23. Copenhagen Open  (Politiken Cup)"]
[Site "Copenhagen"]
[Date "2001.07.20"]
[Round "5"]
[White "Jensen, Henrik Sandberg"]
[Black "Henrichsen, Jens"]
[Result "1-0"]
[WhiteElo "1706"]
[BlackElo "2069"]
[PlyCount "57"]
[EventDate "2001.07.16"]
[EventType "swiss"]
[EventRounds "11"]
[EventCountry "DEN"]
[SourceDate "2004.01.01"]

1. e4 c5 2. c3 d5 3. exd5 Qxd5 4. d4 e6 5. Nf3 Nc6 6. a3 Nf6 7. Bd3 Be7 8. O-O
O-O 9. Be3 Rd8 10. Bc2 Ng4 11. Qe2 Qh5 12. h3 Nxe3 13. fxe3 e5 14. dxc5 Bxc5
15. b4 Bd6 16. Nbd2 Be6 17. Ne4 f6 18. c4 Be7 19. Rfd1 Qf7 20. c5 h6 21. Rxd8+
Rxd8 22. Rd1 Bc4 23. Rxd8+ Nxd8 24. Qd1 Qd5 25. Nfd2 b5 26. cxb6 f5 27. Nc3 Qc6
28. Nxc4 axb6 29. Qd5+ 1-0

[Event "23. Copenhagen Open  (Politiken Cup)"]
[Site "Copenhagen"]
[Date "2001.07.20"]
[Round "5"]
[White "Johansson, Thomas"]
[Black "Psakhis, Lev"]
[Result "0-1"]
[WhiteElo "2250"]
[BlackElo "2566"]
[PlyCount "66"]
[EventDate "2001.07.16"]
[EventType "swiss"]
[EventRounds "11"]
[EventCountry "DEN"]
[SourceDate "2004.01.01"]

1. c4 e5 2. g3 Nc6 3. Bg2 f5 4. Nc3 Nf6 5. d3 Bb4 6. Bd2 O-O 7. e3 Bxc3 8. Bxc3
d6 9. Ne2 Qe8 10. b3 Bd7 11. h3 Nd8 12. Bd2 Bc6 13. O-O Bxg2 14. Kxg2 Ne6 15.
Qc2 Qh5 16. Rae1 e4 17. Ng1 Nc5 18. dxe4 fxe4 19. Bc3 Rf7 20. Rd1 Raf8 21. Qe2
Qg6 22. Kh2 Nh5 23. g4 Nf6 24. Bxf6 Rxf6 25. Rd2 Qf7 26. Qd1 h5 27. g5 Rf5 28.
h4 Nd7 29. Nh3 Ne5 30. Kg2 Nf3 31. Rd5 Nxh4+ 32. Kg3 Rf3+ 33. Kxh4 Qe6 0-1

[Event "23. Copenhagen Open  (Politiken Cup)"]
[Site "Copenhagen"]
[Date "2001.07.20"]
[Round "5"]
[White "Jorgensen, Brian"]
[Black "Bering, Anders"]
[Result "1/2-1/2"]
[WhiteElo "2265"]
[BlackElo "2106"]
[PlyCount "40"]
[EventDate "2001.07.16"]
[EventType "swiss"]
[EventRounds "11"]
[EventCountry "DEN"]
[SourceDate "2004.01.01"]

1. d4 Nf6 2. c4 e6 3. Nc3 d5 4. Nf3 dxc4 5. e3 a6 6. a4 c5 7. Bxc4 Nc6 8. O-O
Be7 9. Qe2 O-O 10. Rd1 cxd4 11. exd4 Nb4 12. Ne5 Nfd5 13. Ne4 b6 14. h4 Bb7 15.
h5 Nf6 16. Ng5 Bd5 17. h6 Bxc4 18. Nxc4 g6 19. Nf3 Nfd5 20. Nfe5 Rc8 1/2-1/2

[Event "23. Copenhagen Open  (Politiken Cup)"]
[Site "Copenhagen"]
[Date "2001.07.20"]
[Round "5"]
[White "Jorgensen, Mikkel"]
[Black "Trarup, Jorgen"]
[Result "1/2-1/2"]
[WhiteElo "1610"]
[BlackElo "1298"]
[PlyCount "98"]
[EventDate "2001.07.16"]
[EventType "swiss"]
[EventRounds "11"]
[EventCountry "DEN"]
[SourceDate "2004.01.01"]

1. d4 Nf6 2. f3 d5 3. e4 dxe4 4. Nc3 exf3 5. Nxf3 Bg4 6. h3 Bh5 7. g4 Bg6 8.
Ne5 c6 9. h4 Be4 10. Nxe4 Nxe4 11. Qf3 Qd5 12. Nxf7 Qxf7 13. Qxe4 Qd5 14. Bg2
Qxe4+ 15. Bxe4 Nd7 16. g5 O-O-O 17. Bf4 g6 18. O-O-O Bg7 19. Be3 Nb6 20. Rhf1
Nc4 21. Bg1 Nd6 22. Bd3 Rhf8 23. c3 Rxf1 24. Rxf1 Rf8 25. Rxf8+ Bxf8 26. Bf2 e6
27. Kd2 Nf5 28. Ke2 Kd7 29. Kf3 b6 30. Kg4 Kd6 31. Bg1 Kd7 32. Bf2 Bd6 33. Bc4
b5 34. Bd3 a5 35. d5 a4 36. dxc6+ Kxc6 37. Be4+ Kc7 38. a3 Be5 39. h5 Kd6 40.
hxg6 hxg6 41. Ba7 Kd7 42. Bc5 Kc7 43. Kf3 Kd7 44. Bd3 Kc6 45. Ba7 Bg7 46. Be4+
Kc7 47. Bc5 Be5 48. Bb4 Bg7 49. Bb1 Be5 1/2-1/2

[Event "23. Copenhagen Open  (Politiken Cup)"]
[Site "Copenhagen"]
[Date "2001.07.20"]
[Round "5"]
[White "Kaaber Hansen, Jacob"]
[Black "Royset, Paal"]
[Result "0-1"]
[WhiteElo "1846"]
[BlackElo "2257"]
[PlyCount "104"]
[EventDate "2001.07.16"]
[EventType "swiss"]
[EventRounds "11"]
[EventCountry "DEN"]
[SourceDate "2004.01.01"]

1. d4 d5 2. c4 Nc6 3. e3 e5 4. cxd5 Qxd5 5. Nc3 Bb4 6. Bd2 Bxc3 7. bxc3 Nge7 8.
c4 Qd6 9. d5 Nb8 10. e4 O-O 11. Nf3 Bg4 12. Qb3 Na6 13. Qb2 Ng6 14. Be2 Nc5 15.
Qc2 f5 16. h3 fxe4 17. hxg4 exf3 18. Bxf3 e4 19. Be2 Nf4 20. Bxf4 Rxf4 21. O-O
Raf8 22. g3 Rf3 23. Bxf3 exf3 24. g5 Qe5 25. Kh2 Qxg5 26. Rh1 Rf4 27. Kg1 Re4
28. Kf1 Qe5 29. Rd1 h6 30. Qd2 Rxc4 31. Re1 Ne4 32. Qe3 Qxd5 33. Kg1 Nf6 34.
Qxa7 Rc2 35. Rh4 Rxa2 36. Qe3 Rd2 37. Kh2 c5 38. Rf4 Rd3 39. Qe5 Qxe5 40. Rxe5
Rc3 41. Ref5 b5 42. Rxf3 Rc2 43. Rb3 b4 44. Kg2 Kf7 45. Kf1 Ke6 46. Rff3 Nd5
47. Rb1 Nc3 48. Re1+ Kd5 49. Rf7 b3 50. Rxg7 b2 51. Rb7 Kc4 52. Kg2 Rc1 0-1

[Event "23. Copenhagen Open  (Politiken Cup)"]
[Site "Copenhagen"]
[Date "2001.07.20"]
[Round "5"]
[White "Kjar, Peter Sigsgaard"]
[Black "Hoff, Terje"]
[Result "0-1"]
[WhiteElo "1573"]
[BlackElo "2038"]
[PlyCount "34"]
[EventDate "2001.07.16"]
[EventType "swiss"]
[EventRounds "11"]
[EventCountry "DEN"]
[SourceDate "2004.01.01"]

1. e4 g6 2. d4 Bg7 3. Nf3 d6 4. c4 Nf6 5. Nc3 O-O 6. Bd3 Nc6 7. d5 Nb4 8. O-O
Nxd3 9. Qxd3 Nd7 10. b4 a5 11. b5 Nc5 12. Qc2 Nxe4 13. Bb2 Nc5 14. Rae1 Bf5 15.
Qe2 Bd3 16. Qxe7 Bxf1 17. Kxf1 Nd3 0-1

[Event "23. Copenhagen Open  (Politiken Cup)"]
[Site "Copenhagen"]
[Date "2001.07.20"]
[Round "5"]
[White "Larsen, Karsten"]
[Black "Spanton, Timothy"]
[Result "1-0"]
[WhiteElo "2300"]
[BlackElo "2051"]
[PlyCount "93"]
[EventDate "2001.07.16"]
[EventType "swiss"]
[EventRounds "11"]
[EventCountry "DEN"]
[SourceDate "2004.01.01"]

1. g3 f5 2. f4 Nf6 3. Nf3 b6 4. Bg2 Bb7 5. O-O e6 6. d3 d5 7. e3 Nbd7 8. Nc3 a6
9. Ng5 Qe7 10. Qe2 h6 11. Nh3 Nc5 12. b4 Ncd7 13. Bd2 O-O-O 14. e4 g6 15. Rae1
Re8 16. Nf2 Qf7 17. e5 Nh7 18. Ncd1 Be7 19. Ne3 Qf8 20. c4 c6 21. cxd5 cxd5 22.
Nc2 Kb8 23. Nd4 Bxb4 24. Rb1 Bxd2 25. Qxd2 Qe7 26. a4 Rc8 27. Rb3 Rc7 28. Rfb1
Rhc8 29. Nd1 Nhf8 30. Nc3 Qc5 31. Nce2 Bc6 32. Rc1 Qe7 33. Rb4 Bb7 34. Rcb1 g5
35. a5 b5 36. Nxb5 axb5 37. Rxb5 Ka8 38. a6 Bxa6 39. Ra5 Ra7 40. Qa2 Nc5 41.
Nc3 Rd8 42. d4 Bc4 43. Rxa7+ Qxa7 44. Qxc4 Nb7 45. Qc7 Rb8 46. Nb5 Qa4 47. Qb6
1-0

[Event "23. Copenhagen Open  (Politiken Cup)"]
[Site "Copenhagen"]
[Date "2001.07.20"]
[Round "5"]
[White "Laustsen, Lars"]
[Black "Auchenberg, Einar"]
[Result "1-0"]
[WhiteElo "1955"]
[BlackElo "1614"]
[PlyCount "51"]
[EventDate "2001.07.16"]
[EventType "swiss"]
[EventRounds "11"]
[EventCountry "DEN"]
[SourceDate "2004.01.01"]

1. c4 e5 2. g3 c5 3. Bg2 Nc6 4. Nc3 f5 5. e3 Nf6 6. Nge2 Nb4 7. d3 d5 8. a3 Qa5
9. Rb1 Nxd3+ 10. Qxd3 d4 11. exd4 exd4 12. b4 cxb4 13. Nd5 Nxd5 14. Bxd5 bxa3+
15. Bd2 Qc7 16. O-O Bc5 17. Nxd4 a2 18. Ra1 Qb6 19. Nxf5 Bxf5 20. Qxf5 Rf8 21.
Rfe1+ Be7 22. Rxe7+ Kxe7 23. Re1+ Kd6 24. Qe5+ Kc5 25. Qe3+ Kd6 26. Qe7# 1-0

[Event "23. Copenhagen Open  (Politiken Cup)"]
[Site "Copenhagen"]
[Date "2001.07.20"]
[Round "5"]
[White "Lezcano Jaen, Pedro"]
[Black "Kongsted, Halfdan Christian"]
[Result "1-0"]
[WhiteElo "2386"]
[BlackElo "2232"]
[PlyCount "151"]
[EventDate "2001.07.16"]
[EventType "swiss"]
[EventRounds "11"]
[EventCountry "DEN"]
[SourceDate "2004.01.01"]

1. c4 e5 2. g3 Nf6 3. Bg2 d5 4. cxd5 Nxd5 5. Nf3 Nc6 6. O-O Be7 7. d4 exd4 8.
Nxd4 Nxd4 9. Qxd4 Nf6 10. Qxd8+ Bxd8 11. Nc3 O-O 12. b4 Be7 13. Rb1 Be6 14. b5
Rab8 15. Rd1 Bd6 16. Bf4 Bxf4 17. gxf4 Rfd8 18. Kf1 Kf8 19. Ke1 Ke7 20. Rb4
Rxd1+ 21. Kxd1 Rd8+ 22. Ke1 Nd5 23. Bxd5 Bxd5 24. Ra4 Kd6 25. Rxa7 Rb8 26. Ra3
Bc4 27. Kd2 Kc5 28. Ra4 Rd8+ 29. Kc2 Re8 30. e3 Re6 31. a3 Bxb5 32. Re4 Rxe4
33. Nxe4+ Kd5 34. Ng5 f6 35. Nf3 Bd7 36. Kc3 c5 37. Nd2 b5 38. Nf1 Bg4 39. Nd2
Be2 40. Nb3 Bg4 41. Nd2 Bc8 42. Nb3 Kc6 43. Nd2 Kb6 44. Nb3 Be6 45. Nd2 Bd5 46.
e4 Bf7 47. e5 fxe5 48. fxe5 Kc6 49. Ne4 Kd5 50. Nd6 Be6 51. Nxb5 Kxe5 52. a4 g5
53. a5 g4 54. a6 h5 55. a7 Bd5 56. Nc7 Bb7 57. Kc4 Kd6 58. Ne8+ Kc6 59. Nf6 Kb6
60. Nxh5 Ba6+ 61. Kc3 Kxa7 62. Nf6 Bc8 63. Kc4 Kb6 64. Nd5+ Kc6 65. Ne7+ Kd6
66. Nxc8+ Ke5 67. Kd3 c4+ 68. Ke3 c3 69. Nb6 c2 70. Nc4+ Kd5 71. Nb6+ Ke5 72.
Kd2 Ke4 73. Nc4 Kf3 74. Ne3 Kxf2 75. Nxg4+ Kf3 76. Nf2 1-0

[Event "23. Copenhagen Open  (Politiken Cup)"]
[Site "Copenhagen"]
[Date "2001.07.20"]
[Round "5"]
[White "Li, Mike"]
[Black "Nielsen, Marianne Izaura"]
[Result "1/2-1/2"]
[WhiteElo "1056"]
[BlackElo "1371"]
[PlyCount "58"]
[EventDate "2001.07.16"]
[EventType "swiss"]
[EventRounds "11"]
[EventCountry "DEN"]
[SourceDate "2004.01.01"]

1. d4 Nf6 2. c4 g6 3. Nc3 Bg7 4. e4 d6 5. f3 O-O 6. Be3 Nbd7 7. Qd2 e5 8. d5 a5
9. Bh6 Nc5 10. h4 Nh5 11. Bxg7 Kxg7 12. Nge2 f5 13. O-O-O fxe4 14. Nxe4 Nxe4
15. fxe4 Bg4 16. Qe3 Qf6 17. Rd3 Qf2 18. Kd2 Rf7 19. Qxf2 Rxf2 20. Rb3 b6 21.
Ke1 Raf8 22. Rg1 Bxe2 23. Bxe2 R2f4 24. Bxh5 gxh5 25. Re3 Rxh4 26. g3 Rh2 27.
Re2 Rxe2+ 28. Kxe2 Kg6 29. Rh1 Kg5 1/2-1/2

[Event "23. Copenhagen Open  (Politiken Cup)"]
[Site "Copenhagen"]
[Date "2001.07.20"]
[Round "5"]
[White "Lie, Terje"]
[Black "Olsen, Miriam Frida"]
[Result "0-1"]
[WhiteElo "1100"]
[BlackElo "1604"]
[PlyCount "82"]
[EventDate "2001.07.16"]
[EventType "swiss"]
[EventRounds "11"]
[EventCountry "DEN"]
[SourceDate "2004.01.01"]

1. d4 Nf6 2. c4 Nc6 3. d5 Ne5 4. Nd2 e6 5. e4 exd5 6. cxd5 Bc5 7. f3 d6 8. a3
Qe7 9. Nc4 Bd7 10. Nxe5 dxe5 11. Bd3 O-O 12. Ne2 Rfd8 13. Ng3 Ne8 14. h4 c6 15.
h5 h6 16. Bc2 cxd5 17. exd5 Bc6 18. Qd3 e4 19. fxe4 Rxd5 20. Qe2 Rd7 21. Bd2
Rad8 22. O-O-O Bxa3 23. Bc3 Qg5+ 24. Kb1 Qxg3 25. Rde1 Be7 26. Bb3 Qd3+ 27. Ka1
Qxe2 28. Rxe2 Bc5 29. g4 Bd4 30. Rc1 Bxc3 31. bxc3 Rd2 32. Rc2 Rxe2 33. Rxe2
Nf6 34. e5 Re8 35. e6 fxe6 36. g5 hxg5 37. Bxe6+ Kf8 38. Kb2 Bd5 39. h6 gxh6
40. Rh2 Rxe6 41. Rxh6 Kg7 0-1

[Event "23. Copenhagen Open  (Politiken Cup)"]
[Site "Copenhagen"]
[Date "2001.07.20"]
[Round "5"]
[White "Lynge, Torben"]
[Black "Nicolaisen, Jeppe"]
[Result "0-1"]
[WhiteElo "1701"]
[BlackElo "2047"]
[PlyCount "88"]
[EventDate "2001.07.16"]
[EventType "swiss"]
[EventRounds "11"]
[EventCountry "DEN"]
[SourceDate "2004.01.01"]

1. e4 c5 2. Nf3 Nc6 3. d4 cxd4 4. Nxd4 Nf6 5. Nc3 g6 6. Be3 Bg7 7. Be2 d6 8.
O-O O-O 9. f4 Re8 10. Bf3 Bd7 11. Rb1 Rf8 12. g4 Qc8 13. Nxc6 bxc6 14. f5 Rd8
15. Qe2 Ne8 16. Qf2 e6 17. Bxa7 c5 18. e5 Bxe5 19. Bb6 Bd4 20. Bxd8 Bxf2+ 21.
Rxf2 Qxd8 22. Bxa8 Qxa8 23. fxg6 hxg6 24. Rbf1 f6 25. h4 d5 26. a4 d4 27. Nb5
Qxa4 28. Na3 d3 29. cxd3 Qxg4+ 30. Rg2 Qd4+ 31. Rff2 Kf7 32. Nc4 Bb5 33. h5
gxh5 34. b3 Bxc4 35. dxc4 Qd1+ 36. Kh2 Qxb3 37. Rb2 Qxc4 38. Rb7+ Kf8 39. Rgb2
Qf4+ 40. Kh1 c4 41. R2b4 h4 42. Rb1 h3 43. R7b2 c3 44. Rb4 Qf3+ 0-1

[Event "23. Copenhagen Open  (Politiken Cup)"]
[Site "Copenhagen"]
[Date "2001.07.20"]
[Round "5"]
[White "Manley, Christian"]
[Black "Rosenberg, Jan"]
[Result "0-1"]
[WhiteElo "1360"]
[BlackElo "1785"]
[PlyCount "62"]
[EventDate "2001.07.16"]
[EventType "swiss"]
[EventRounds "11"]
[EventCountry "DEN"]
[SourceDate "2004.01.01"]

1. d4 Nf6 2. c4 c5 3. d5 b5 4. b3 bxc4 5. bxc4 d6 6. Bb2 Nbd7 7. Nc3 g6 8. e3
Bg7 9. Bd3 O-O 10. Nf3 Rb8 11. Qc2 Qa5 12. O-O Rxb2 13. Qxb2 Nxd5 14. cxd5 Bxc3
15. Qc2 Bxa1 16. Rxa1 Ba6 17. Nd2 Bxd3 18. Qxd3 Rb8 19. Qc2 Ne5 20. h3 Qa3 21.
Rb1 Rxb1+ 22. Qxb1 Kg7 23. Qb3 Qc1+ 24. Nf1 c4 25. Qb4 Nd3 26. Qd2 Qxd2 27.
Nxd2 c3 28. Nb3 c2 29. Kf1 c1=Q+ 30. Nxc1 Nxc1 31. Ke1 Nxa2 0-1

[Event "23. Copenhagen Open  (Politiken Cup)"]
[Site "Copenhagen"]
[Date "2001.07.20"]
[Round "5"]
[White "Marder, Simon"]
[Black "Kristensen, Jonas Rune"]
[Result "1-0"]
[WhiteElo "2058"]
[BlackElo "1755"]
[PlyCount "65"]
[EventDate "2001.07.16"]
[EventType "swiss"]
[EventRounds "11"]
[EventCountry "DEN"]
[SourceDate "2004.01.01"]

1. Nc3 Nf6 2. d4 g6 3. e4 d6 4. Bg5 Bg7 5. e5 dxe5 6. dxe5 Qxd1+ 7. Rxd1 Ng4 8.
Nd5 Bxe5 9. Nf3 Bd6 10. Bxe7 Bxe7 11. Nxc7+ Kf8 12. Nxa8 Bc5 13. Rd8+ Kg7 14.
Rxh8 Kxh8 15. Bc4 Bb4+ 16. c3 Ba5 17. b4 Bd8 18. O-O a6 19. Rd1 Bf6 20. Nb6 Be6
21. Bxe6 fxe6 22. h3 Nh6 23. Nd7 Nxd7 24. Rxd7 b5 25. Nd4 e5 26. Ne2 Nf5 27.
Ra7 e4 28. Rxa6 Kg7 29. Rb6 e3 30. Rxb5 Nd6 31. Rb6 Bxc3 32. Rxd6 exf2+ 33.
Kxf2 1-0

[Event "23. Copenhagen Open  (Politiken Cup)"]
[Site "Copenhagen"]
[Date "2001.07.20"]
[Round "5"]
[White "McShane, Rod"]
[Black "Hesselberg, Leif"]
[Result "0-1"]
[WhiteElo "1400"]
[BlackElo "1800"]
[PlyCount "62"]
[EventDate "2001.07.16"]
[EventType "swiss"]
[EventRounds "11"]
[EventCountry "DEN"]
[SourceDate "2004.01.01"]

1. e4 c6 2. d4 d5 3. e5 Bf5 4. Nf3 e6 5. Bd3 Bxd3 6. Qxd3 Qb6 7. O-O c5 8. c3
Nc6 9. b3 Rc8 10. Ba3 cxd4 11. Bxf8 Kxf8 12. cxd4 Nge7 13. a3 f6 14. Rc1 Kf7
15. Nbd2 Nf5 16. exf6 gxf6 17. b4 Ncxd4 18. Rxc8 Rxc8 19. Nh4 Rc3 20. Qb1 Ne2+
21. Kf1 Rc1+ 22. Qxc1 Nxc1 23. Nxf5 Qb5+ 24. Kg1 Ne2+ 25. Kh1 exf5 26. Nf3 Qd3
27. Ne1 Qc3 28. Rd1 d4 29. g3 d3 30. Nf3 Qxa3 31. Nh4 d2 0-1